[Event "EU Union-ch U12 16th"]
[Site "Mureck"]
[Date "2018.08.07"]
[Round "7"]
[White "Vasilijevic, Vili"]
[Black "Zogg, Alexander"]
[Result "1/2-1/2"]
[WhiteElo "1583"]
[BlackElo "1555"]
[PlyCount "61"]
[EventDate "2018.08.01"]
[EventType "swiss"]
[EventRounds "9"]
[EventCountry "AUT"]
[SourceTitle "CBM 186 Extra"]
[Source "ChessBase"]
[SourceDate "2018.08.24"]
[SourceVersion "1"]
[SourceVersionDate "2018.08.24"]
[SourceQuality "1"]

1. e4 e6 2. d4 d5 3. Nd2 Be7 4. c3 Nf6 5. Bd3 b6 6. Ngf3 c5 7. Bb5+ Bd7 8. Bxd7+ Nfxd7 9. exd5 exd5 10. 0-0 0-0 11. Re1 Nf6 12. Nf1 Nc6 13. Ng3 Re8 14. Bf4 h6 15. h3 a6 16. Qd2 Bf8 17. Ne5 Ne7 18. Qd3 c4 19. Qc2 b5 20. Nf5 Ne4 21. Nxe7+ Bxe7 22. Nc6 Qd7 23. Nxe7+ Rxe7 24. f3 Nf6 25. Qd2 Rae8 26. Rxe7 Rxe7 27. Be5 Ne8 28. Kf2 f6 29. Bg3 Nc7 30. Re1 Ne6 31. Qc2 1/2-1/2

[Event "EU Union-ch U12 16th"]
[Site "Mureck"]
[Date "2018.08.05"]
[Round "5"]
[White "Leitner, Thomas"]
[Black "Zogg, Alexander"]
[Result "1/2-1/2"]
[WhiteElo "1584"]
[BlackElo "1555"]
[PlyCount "61"]
[EventDate "2018.08.01"]
[EventType "swiss"]
[EventRounds "9"]
[EventCountry "AUT"]
[SourceTitle "CBM 186 Extra"]
[Source "ChessBase"]
[SourceDate "2018.08.24"]
[SourceVersion "1"]
[SourceVersionDate "2018.08.24"]
[SourceQuality "1"]

1. d4 Nf6 2. c4 c5 3. d5 e5 4. Nc3 d6 5. Nf3 Be7 6. h3 h6 7. e4 Nbd7 8. Be2 Nf8 9. 0-0 Ng6 10. Ne1 Nh7 11. Bg4 Bxg4 12. Qxg4 Bg5 13. Bxg5 Qxg5 14. Qxg5 Nxg5 15. Nd3 f6 16. Rfe1 Kd7 17. a3 Rhb8 18. b4 b6 19. b5 Ne7 20. f3 Nf7 21. a4 f5 22. Nf2 g6 23. Ra2 a5 24. Nd3 f4 25. Nf2 h5 26. Rb2 g5 27. Nd3 h4 28. Nf2 Nh6 29. Rc2 Neg8 30. Rb2 Nf6 31. Rc2 1/2-1/2

[Event "EU Union-ch U12 16th"]
[Site "Mureck"]
[Date "2018.08.03"]
[Round "3"]
[White "Gschiel, Alexander"]
[Black "Zogg, Alexander"]
[Result "1-0"]
[WhiteElo "1531"]
[BlackElo "1555"]
[PlyCount "99"]
[EventDate "2018.08.01"]
[EventType "swiss"]
[EventRounds "9"]
[EventCountry "AUT"]
[SourceTitle "CBM 186 Extra"]
[Source "ChessBase"]
[SourceDate "2018.08.24"]
[SourceVersion "1"]
[SourceVersionDate "2018.08.24"]
[SourceQuality "1"]

1. d4 Nf6 2. Nf3 e6 3. g3 c5 4. Bg2 d5 5. 0-0 Be7 6. c4 dxc4 7. Qa4+ Nc6 8. Ne5 Bd7 9. Nxc6 Qb6 10. Qxc4 Bxc6 11. Bxc6+ Qxc6 12. Nc3 0-0 13. Bf4 Rfd8 14. dxc5 Bxc5 15. Qb5 Qxb5 16. Nxb5 Nd5 17. Be5 f6 18. Bd4 Bxd4 19. Nxd4 Nf4 20. Rfd1 Rxd4 21. gxf4 Rxf4 22. Rd7 Rb4 23. Rc1 b6 24. Rcc7 Rg4+ 25. Kf1 h6 26. f3 Rg5 27. h4 Rg6 28. Rxa7 Rxa7 29. Rxa7 e5 30. Re7 Rg3 31. Rb7 Rh3 32. Rxb6 Rxh4 33. b4 Rd4 34. a4 h5 35. a5 Rd1+ 36. Kf2 e4 37. a6 Ra1 38. f4 h4 39. b5 h3 40. Kg3 Ra3+ 41. Kh2 Kh7 42. Rb7 Kh6 43. a7 g5 44. fxg5+ fxg5 45. Rb6+ Kh5 46. Ra6 Re3 47. a8Q Kg4 48. Qc8+ Kf4 49. Rf6+ Ke5 50. Qc5+ 1-0

[Event "EU Union-ch U12 15th"]
[Site "Mureck"]
[Date "2017.08.04"]
[Round "3"]
[White "Zogg, Alexander"]
[Black "Rejniak, Zuzanna"]
[Result "0-1"]
[WhiteElo "1363"]
[BlackElo "1650"]
[PlyCount "34"]
[EventDate "2017.08.02"]
[EventType "swiss"]
[EventRounds "9"]
[EventCountry "AUT"]
[SourceTitle "CBM 180 Extra"]
[Source "ChessBase"]
[SourceDate "2017.10.06"]
[SourceVersion "1"]
[SourceVersionDate "2017.10.06"]
[SourceQuality "1"]

1. e4 c5 2. Nf3 Nc6 3. d4 cxd4 4. Nxd4 g6 5. Nc3 Bg7 6. Be3 Nf6 7. Be2 0-0 8. Qd2 d5 9. Nxc6 bxc6 10. 0-0-0 Bb7 11. e5 Nd7 12. f4 e6 13. h4 c5 14. Nb5 d4 15. Bf2 Bxg2 16. Rh2 Bc6 17. Nd6 Nxe5 0-1

[Event "EU Union-ch U12 15th"]
[Site "Mureck"]
[Date "2017.08.02"]
[Round "1"]
[White "Zogg, Alexander"]
[Black "Stijve, Niels"]
[Result "1-0"]
[WhiteElo "1363"]
[BlackElo "1685"]
[PlyCount "75"]
[EventDate "2017.08.02"]
[EventType "swiss"]
[EventRounds "9"]
[EventCountry "AUT"]
[SourceTitle "CBM 180 Extra"]
[Source "ChessBase"]
[SourceDate "2017.10.06"]
[SourceVersion "1"]
[SourceVersionDate "2017.10.06"]
[SourceQuality "1"]

1. Nf3 Nf6 2. c4 e6 3. g3 d5 4. cxd5 exd5 5. d4 Bf5 6. Nc3 Bb4 7. Bd2 Nc6 8. Bg2 Qd7 9. a3 Ba5 10. b4 Bb6 11. Bf4 0-0-0 12. Na4 Bxd4 13. Nxd4 Nxd4 14. Nb6+ axb6 15. Qxd4 Ne8 16. Rc1 Qe6 17. 0-0 Be4 18. f3 Bg6 19. Qc3 Rd7 20. Rfe1 d4 21. Qd2 Qb3 22. Bh3 f5 23. g4 Rf8 24. Be5 d3 25. e4 fxe4 26. fxe4 Qe6 27. Bb2 Bh5 28. Qg2 d2 29. gxh5 dxe1Q+ 30. Rxe1 Qe7 31. Bxd7+ Qxd7 32. h3 Nf6 33. e5 Re8 34. Kf2 Qd2+ 35. Re2 Qf4+ 36. Qf3 Qh2+ 37. Kf1 Ng4 38. Qxg4+ 1-0